PHILOSOPHY OF LAW (Record no. 7807)

MARC details
000 -LEADER
fixed length control field 00456nam a22001817a 4500
005 - DATE AND TIME OF LATEST TRANSACTION
control field 20210904135700.0
008 - FIXED-LENGTH DATA ELEMENTS--GENERAL INFORMATION
fixed length control field 210821b ||||| |||| 00| 0 eng d
020 ## - INTERNATIONAL STANDARD BOOK NUMBER
ISBN 0534524974
041 ## - LANGUAGE CODE
Language code of text/sound track or separate title eng
082 ## - DEWEY DECIMAL CLASSIFICATION NUMBER
Classification number 340.1
100 ## - MAIN ENTRY--AUTHOR NAME
Personal name FEINBERG, JOEL AND JULES, COLEMAN
245 ## - TITLE STATEMENT
Title PHILOSOPHY OF LAW
250 ## - EDITION STATEMENT
Edition statement 6th,Ed.
260 ## - PUBLICATION, DISTRIBUTION, ETC. (IMPRINT)
Place of publication U.K.[WEST.SUSSEX]
Name of publisher WOODSWORTH THOMPSON LEARNING
Year of publication 2000
300 ## - PHYSICAL DESCRIPTION
Number of Pages 850;p.
650 ## - SUBJECT ADDED ENTRY--TOPICAL TERM
Topical Term LAW
942 ## - ADDED ENTRY ELEMENTS (KOHA)
Koha item type Books
Holdings
Lost status Damaged status Collection code Home library Current library Shelving location Date acquired Source of acquisition Full call number Accession Number Koha item type
    LAW JRU Library JRU Library SHELF-30-E 21/08/2021 PURCESS 340.1 25831 Books